Текст томруулах:    
Felt tents and pavilions (Бичлэгийн дугаар. 144240)
000 -УДИРДЛАГА
Удирдлага 01622nam a2200361 4500
003 - ХЯНАЛТЫН ТОО ТОДОРХОЙЛОГЧ
Код MN-UlNUM
005 - БИЧИЛТ ХИЙСЭН ОГНОО
Тухайн бичилтийг бичсэн засварласан сүүлийн огноо 20251008172005.0
008 - ЕРӨНХИЙ МЭДЭЭЛЭЛ
Ерөнхий мэдээлэл 250917s1999 enk||||| |||| 00| 0|eng d
020 ## - ISBN
ISBN 9781901764031
040 ## - БИЧЛЭГ ҮҮСГЭГЧ БАЙГУУЛЛАГА
Бичлэг үүсгэгч номын сангийн код МУИС-ийн номын сан
084 ## - ББК АНГИЛАЛ
Нэмэлт тусгалт Нэг сэдэвт бүтээл
Мэдлэгийн ялгаа 63 - Түүх
Зохиогчийн гурван тэмдэгт A 54
ББК ангилал 63.5(3)
100 ## - ЗОХИОГЧ
Зохиогчийн нэр Andrews, Peter Alford
240 ## - Шифр - Номын наалт, тайланд хэрэглэх
Ангилалын дугаар /Зохиогчийн 3 тэмдэгт 63.5(3) A 54
245 10 - ҮНДСЭН ГАРЧИГ
Номын нэр Felt tents and pavilions
Бага гарчгийн мэдээ The Nomadic Tradition and its Interaction with Princely Tentage I
260 ## - ГАРАЛТЫН МЭДЭЭ
Хэвлэгдсэн газар London
Хэвлэлийн газар Melisende
Хэвлэгдсэн он 1999
300 ## - МАТЕРИАЛЫН ТОДОРХОЙЛОЛТ
хуудасны тоо 820
Бусад тоон мэдээлэл ill. (some col.), maps, plans ;
Хэмжээ 26 cm
500 ## - Тайлбар
Дансны дугаар ГФ 20836
505 ## - Агуулгын тэмдэглэгээ
Агуулгын тэмдэглэгээ This is a seminal and monumental work on the history, architecture, cultural significance, and technological aspects of nomadic tents and royal pavilions, primarily across Central Asia, the Middle East, Mongolia, and South Asia. Andrews blends ethnography, history, architecture, and art history to examine how mobile tent traditions—especially those of Turkic and Mongol nomads—interacted with and influenced the ceremonial and luxurious tents of princely courts, particularly during the Mughal, Timurid, and Ottoman periods.
546 ## - ХЭЛНИЙ ТУХАЙ МЭДЭЭ
Хэл Англи хэл дээр,
653 ## - Түлхүүр үг
Түлхүүр үг history
653 ## - Түлхүүр үг
Түлхүүр үг ethnography
653 ## - Түлхүүр үг
Түлхүүр үг nomadic civilization
653 ## - Түлхүүр үг
Түлхүүр үг nomadic tent tradition
740 ## - НОМЫН ГАРЧИГ
Гарчиг Nomadic Tent Tradition
740 ## - НОМЫН ГАРЧИГ
Гарчиг Interaction with Royal / Princely Tentage
740 ## - НОМЫН ГАРЧИГ
Гарчиг Symbolism and Function
740 ## - НОМЫН ГАРЧИГ
Гарчиг Art and Decoration
740 ## - НОМЫН ГАРЧИГ
Гарчиг Technical Construction
740 ## - НОМЫН ГАРЧИГ
Гарчиг Case Studies
942 ## - ЭЛЕМЕНТИЙН ТӨРӨЛ
Зүйлийн төрөл Ном